000 004250000a22001810004500
003 MACL
005 20150901170311.0
008 150901b xxu||||| |||| 00| 0 eng d
040 _aMACL
_cMACL
041 _aEnglish
082 _a800/GIT
100 _aMascaro, Juan
_98458
245 _aThe Bhagavad Gita
260 _bPenguin Books
_c1994
_aNew Delhi
350 _a95
650 _aLiterature
_98459
942 _cBK
_k800
_2ddc
999 _c3439
_d3439